Hunted / (Record no. 3121)

MARC details
000 -LEADER
fixed length control field 01929cam a22005417i 4500
001 - CONTROL NUMBER
control field 3121
003 - CONTROL NUMBER IDENTIFIER
control field FISKH
005 - DATE AND TIME OF LATEST TRANSACTION
control field 20240207134946.0
008 - FIXED-LENGTH DATA ELEMENTS--GENERAL INFORMATION
fixed length control field 130805s2014 nyub j 000 1 eng
010 ## - LIBRARY OF CONGRESS CONTROL NUMBER
LC control number 2013947126
016 7# - NATIONAL BIBLIOGRAPHIC AGENCY CONTROL NUMBER
Record control number 016520630
Source Uk
020 ## - INTERNATIONAL STANDARD BOOK NUMBER
International Standard Book Number 9780545522441
020 ## - INTERNATIONAL STANDARD BOOK NUMBER
International Standard Book Number 0545522447
020 ## - INTERNATIONAL STANDARD BOOK NUMBER
International Standard Book Number 9780545599726
020 ## - INTERNATIONAL STANDARD BOOK NUMBER
International Standard Book Number 0545599725
020 ## - INTERNATIONAL STANDARD BOOK NUMBER
International Standard Book Number 9780545784184
035 ## - SYSTEM CONTROL NUMBER
System control number (OCoLC)ocn907088903
040 ## - CATALOGING SOURCE
Original cataloging agency Nz
Language of cataloging eng
Transcribing agency NZTHP
Description conventions rda
Modifying agency OCLCO
-- OCLCF
-- DLC
042 ## - AUTHENTICATION CODE
Authentication code lccopycat
050 00 - LIBRARY OF CONGRESS CALL NUMBER
Classification number PZ7.S855625
Item number Hun 2014
082 04 - DEWEY DECIMAL CLASSIFICATION NUMBER
Classification number [Fic]
Edition number 23
100 1# - MAIN ENTRY--PERSONAL NAME
Personal name Stiefvater, Maggie,
Dates associated with a name 1981-
245 10 - TITLE STATEMENT
Title Hunted /
Statement of responsibility, etc. Maggie Stiefvater.
260 ## - PUBLICATION, DISTRIBUTION, ETC.
Place of publication, distribution, etc. New York :
Name of publisher, distributor, etc. Scholastic,
Date of publication, distribution, etc. 2014.
300 ## - PHYSICAL DESCRIPTION
Extent 185 pages :
Other physical details map ;
Dimensions 20 cm.
336 ## - CONTENT TYPE
Content type term text
Content type code txt
Source rdacontent
337 ## - MEDIA TYPE
Media type term unmediated
Media type code n
Source rdamedia
338 ## - CARRIER TYPE
Carrier type term volume
Carrier type code nc
Source rdacarrier
490 1# - SERIES STATEMENT
Series statement Spirit animals ;
Volume/sequential designation book 2
505 ## - FORMATTED CONTENTS NOTE
Formatted contents note Q<br/>
520 ## - SUMMARY, ETC.
Summary, etc. Four children have discovered that they have spirit animals, a rare bond between human and animal that has launched them on a quest to save their world. The team heads to the forests of Eura, where another Great Beast is hidden.
521 8# - TARGET AUDIENCE NOTE
Target audience note 670<br/>
Source Lexile<br/>
521 8# - TARGET AUDIENCE NOTE
Target audience note Q<br/><br/>
Source Raz-Plus<br/>
650 #0 - SUBJECT ADDED ENTRY--TOPICAL TERM
Topical term or geographic name entry element Fantasy.
650 #0 - SUBJECT ADDED ENTRY--TOPICAL TERM
Topical term or geographic name entry element Human-animal relationships
Form subdivision Juvenile fiction.
650 #0 - SUBJECT ADDED ENTRY--TOPICAL TERM
Topical term or geographic name entry element Metamorphosis
Form subdivision Juvenile fiction.
650 #0 - SUBJECT ADDED ENTRY--TOPICAL TERM
Topical term or geographic name entry element Paranormal fiction.
650 #0 - SUBJECT ADDED ENTRY--TOPICAL TERM
Topical term or geographic name entry element Quests (Expeditions)
Form subdivision Juvenile fiction.
650 #0 - SUBJECT ADDED ENTRY--TOPICAL TERM
Topical term or geographic name entry element Wolves
Form subdivision Juvenile fiction.
650 #7 - SUBJECT ADDED ENTRY--TOPICAL TERM
Topical term or geographic name entry element Human-animal relationships.
Source of heading or term fast
Authority record control number or standard number (OCoLC)fst00963482
650 #7 - SUBJECT ADDED ENTRY--TOPICAL TERM
Topical term or geographic name entry element Metamorphosis.
Source of heading or term fast
Authority record control number or standard number (OCoLC)fst01018264
650 #7 - SUBJECT ADDED ENTRY--TOPICAL TERM
Topical term or geographic name entry element Paranormal fiction.
Source of heading or term fast
Authority record control number or standard number (OCoLC)fst01775199
650 #7 - SUBJECT ADDED ENTRY--TOPICAL TERM
Topical term or geographic name entry element Quests (Expeditions)
Source of heading or term fast
Authority record control number or standard number (OCoLC)fst01085708
650 #7 - SUBJECT ADDED ENTRY--TOPICAL TERM
Topical term or geographic name entry element Wolves.
Source of heading or term fast
Authority record control number or standard number (OCoLC)fst01176536
655 #7 - INDEX TERM--GENRE/FORM
Genre/form data or focus term Fiction.
Source of term fast
Authority record control number or standard number (OCoLC)fst01423787
906 ## - LOCAL DATA ELEMENT F, LDF (RLIN)
a 7
b cbc
c copycat
d 2
e ncip
f 20
g y-gencatlg
942 ## - ADDED ENTRY ELEMENTS (KOHA)
Source of classification or shelving scheme Dewey Decimal Classification
Koha item type Books
Suppress in OPAC No
Holdings
Withdrawn status Lost status Source of classification or shelving scheme Damaged status Not for loan Collection Home library Current library Shelving location Date acquired Total Checkouts Full call number Barcode Date last seen Price effective from Koha item type
    Dewey Decimal Classification     Juvenile Fiction Footprints International School Library Network Toul Kork Campus Footprints International School Library Network Toul Kork Campus TK Primary Library Room(4th Floor), Bookcase 5&6, Shelves 33-56, Orange Books 02/07/2024   STI Fic PZ7.S855625 FISTK05361 02/07/2024 02/07/2024 Books